000 00535cam a2200205ua 4500
001 912
008 110423n xxk |||gr||||Z||||||eng
020 _a0-563-20629-2
040 _cMAIN
082 _a320.954
245 1 _aFrom Raj to Rajiv :
_b40 years of indian independence /
_cMark Tully
250 _a1st.
260 _aLondon:
_bBBC books,988.
300 _a174p.:5cm.
653 _aPolitical science
653 _aFrom Raj to Rajiv
700 _aTully, Mark.,
_eAuthor.
700 _aMasani, Zareer.,
_eAuthor.
942 _cBK
999 _c835
_d835